Η παγκόσμια κρίση και το χρηματοπιστωτικό σύστημα
Αποθηκεύτηκε σε:
| Άλλοι συγγραφείς: | |
|---|---|
| Μορφή: | Βιβλίο |
| Γλώσσα: | Greek |
| Δημοσίευση: |
Αθήνα :
Ινστιτούτο "Νίκος Πουλαντζάς",
2009.
|
| Σειρά: | Παρεμβάσεις ;
13. |
| Θέματα: | |
| Ετικέτες: |
Προσθήκη ετικέτας
Δεν υπάρχουν, Καταχωρήστε ετικέτα πρώτοι!
|
MARC
| LEADER | 00000cam a2200000 a 4500 | ||
|---|---|---|---|
| 001 | 1/113730 | ||
| 008 | 170426t2009####gr | ||| |||| ||gre|| | ||
| 040 | |a GR-MyUa |b gre |c GR-MyUa |e AACR2 | ||
| 041 | 0 | |a gre | |
| 082 | 7 | |a 338.542 |2 (23) | |
| 245 | 1 | 0 | |a Η παγκόσμια κρίση και το χρηματοπιστωτικό σύστημα / |c Ηλίας Ιωακειμόγλου ... [και ά.]. |
| 260 | |a Αθήνα : |b Ινστιτούτο "Νίκος Πουλαντζάς", |c 2009. | ||
| 300 | |a 72 σ. : |c 21 εκ. | ||
| 500 | |a Συλλογή άρθρων που βασίζονται σε εισηγήσεις ημερίδας, με τίτλο: "Μετά την κρίση τι; Αναζητώντας μια νέα αρχιτεκτονική για το χρηματοπιστωτικό σύστημα", που έγινε στα γραφεία του Ινστιτούτου Νίκος Πουλαντζάς (13 Νοεμβρίου 2008). Τα πρακτικά της ημερίδας θα αναρτηθούν στο νέο ιστότοπο του Ινστιτούτου (www.poulantzas.gr). | ||
| 650 | 0 | |a International finance. | |
| 650 | 0 | |a Economic development. | |
| 650 | 0 | |a International economic relations. | |
| 650 | 0 | |a Financial crises. | |
| 700 | 1 | |a Ιωακείμογλου, Ηλίας. | |
| 830 | 0 | |a Παρεμβάσεις ; |v 13. | |
| 852 | |a INST |b CHIOS |e 20170426 |h 338.542 ΠΑΓ |p 005200038401 |q 005200038401 |t BK |y 0 | ||
| 970 | |a Σπέντζα |b Ελένη |z 26-04-2017 | ||